Nová vízia EÚ - Európa 2020

Stratégia Európskej únie - Európa 2020. Päť hlavných cieľov, ktoré členské štáty budú musieť pretransformovať do svojich vnútroštátnych cieľov. Strategický ekonomický cieľ EÚ - udržateľný rozvoj ako predpoklad udržateľného rastu životnej úrovne a zvyšovania kvality života.

Saved in:
Bibliographic Details
Main Author: Gonda, Vladimír
Format: Book Chapter
Language:Slovak
Subjects:
Tags: Add Tag
No Tags, Be the first to tag this record!

MARC

LEADER 00000naa$a2200000$$$4500
001 0143134
005 20240502083331.4
041 0 |a slo 
044 |a UA 
245 1 0 |a Nová vízia EÚ - Európa 2020  |c Vladimír Gonda 
520 |a Stratégia Európskej únie - Európa 2020. Päť hlavných cieľov, ktoré členské štáty budú musieť pretransformovať do svojich vnútroštátnych cieľov. Strategický ekonomický cieľ EÚ - udržateľný rozvoj ako predpoklad udržateľného rastu životnej úrovne a zvyšovania kvality života. 
610 2 0 |a Európska únia 
610 2 0 |a rozvoj trvalo udržateľný 
610 2 0 |a úroveň životná 
610 2 0 |a kvalita života 
610 2 0 |a zamestnanosť 
610 2 0 |a vzdelanie 
100 1 |a Gonda, Vladimír